[Event "European Blitz Championship 2021"]
[Site "Katowice"]
[Date "2021.12.17"]
[Round "5.18"]
[White "Teclaf, Pawel"]
[Black "Sliwicka, Alicja"]
[Result "1-0"]
[WhiteElo "2543"]
[BlackElo "2155"]
[Annotator "RC"]
[PlyCount "169"]
[EventDate "2021.12.17"]
[EventType "swiss"]
[EventCountry "POL"]
[SourceTitle "playchess.com"]
[Source "ChessBase"]
[SourceQuality "1"]

1. b4 e5 2. Bb2 Bxb4 3. Bxe5 Nf6 4. Nf3 Nc6 5. Bb2 d5 6. e3 O-O 7. Be2 Bf5 8.
O-O Qe7 9. Nc3 Rad8 10. Nb5 a6 11. Nbd4 Nxd4 12. Nxd4 Bc8 13. Nf3 Ne4 14. Rb1
Bg4 15. Bc1 b6 16. Nd4 Bd7 17. Bxa6 Bd6 18. Nf3 f5 19. Be2 f4 20. Bb2 Bg4 21.
d3 Nf6 22. exf4 Bxf4 23. Re1 Qd6 24. h3 Bh5 25. Nd4 Bg6 26. Bf3 Rde8 27. Rxe8
Rxe8 28. Bc1 c5 29. Nb5 Qb8 30. Bxf4 Qxf4 31. Qc1 Qe5 32. Qd2 Nh5 33. Bxh5 Bxh5
34. d4 cxd4 35. Nxd4 Bf7 36. c3 Qe4 37. Rxb6 Ra8 38. Rb2 h6 39. Qe2 Qf4 40. Qe3
Qf6 41. Qg3 Re8 42. Rb8 Rxb8 43. Qxb8+ Kh7 44. Qg3 Qb6 45. Qf4 Bg6 46. Qd2 Qb1+
47. Kh2 Qe4 48. Ne2 Qe5+ 49. Nf4 Be4 50. f3 g5 51. fxe4 dxe4 52. g3 gxf4 53.
Qxf4 Qxc3 54. Qxe4+ Kg7 55. Qg2 Qa3 56. h4 Kh7 57. Qc2+ Kg7 58. Qc7+ Kg6 59.
Qc6+ Kg7 60. Qc2 Qb4 61. a4 Qa5 62. Qb2+ Kh7 63. Qa2 Kg7 64. Kg2 Qa8+ 65. Kh2
Qa5 66. Qc2 Kf6 67. Qf2+ Kg7 68. Qd4+ Kh7 69. Qe4+ Kg7 70. Kh3 Kg8 71. Qg6+ Kf8
72. Qxh6+ Kf7 73. Qf4+ Ke8 74. Qe4+ Kf7 75. Kg4 Kg7 76. Qb7+ Kh6 77. Qb5 Qc7
78. a5 Qc8+ 79. Kf3 Qc3+ 80. Ke4 Qc2+ 81. Kd5 Qg2+ 82. Ke6 Qe4+ 83. Qe5 Qc4+
84. Kf6 Qf1+ 85. Qf4+ 1-0

[Event "European Blitz Championship 2021"]
[Site "Katowice"]
[Date "2021.12.17"]
[Round "5.18"]
[White "Seemann, Jakub"]
[Black "Kowalski, Igor"]
[Result "0-1"]
[WhiteElo "2296"]
[BlackElo "2276"]
[Annotator "NA"]
[PlyCount "110"]
[EventDate "2021.12.17"]
[EventType "swiss"]
[EventCountry "POL"]
[SourceTitle "playchess.com"]
[Source "ChessBase"]
[SourceQuality "1"]

1. d4 Nf6 2. c4 g6 3. g3 c6 4. Bg2 d5 5. cxd5 cxd5 6. Nf3 Bg7 7. Nc3 O-O 8. Ne5
Nbd7 9. f4 Nb6 10. O-O Bf5 11. b3 Rc8 12. Bb2 Ne4 13. Nxe4 Bxe4 14. Bxe4 dxe4
15. Qb1 f5 16. Rc1 Nd5 17. Rxc8 Qxc8 18. Qc1 Bxe5 19. dxe5 Qxc1+ 20. Rxc1 Kf7
21. Kf2 Ke6 22. Rc5 h6 23. h4 Rd8 24. Rc4 h5 25. Bd4 a6 26. a4 Kd7 27. Rc2 e6
28. Ke1 Rc8 29. Rxc8 Kxc8 30. Kd2 Kd7 31. Bc5 Kc6 32. Bd4 b5 33. Kc2 Ne7 34.
Kc3 Kd5 35. Be3 Nc6 36. axb5 axb5 37. b4 Nb8 38. Kb3 Kc6 39. Kc3 Na6 40. Kb3
Nc7 41. Bc5 Nd5 42. e3 Nc7 43. Kc3 Kd5 44. Kb3 Na6 45. Bb6 Nb8 46. Bd4 Nd7 47.
Kc3 Nf8 48. Bc5 Nd7 49. Bd4 Nb8 50. Kb3 Nc6 51. Bc5 Nd8 52. Kc3 Nf7 53. Bf8 Kc6
54. Kd4 Nd8 55. Be7 Nf7 0-1

[Event "European Blitz Championship 2021"]
[Site "Katowice"]
[Date "2021.12.17"]
[Round "5.19"]
[White "Bogdanov, Ignat"]
[Black "Blohberger, Felix"]
[Result "0-1"]
[WhiteElo "2116"]
[BlackElo "2490"]
[Annotator "RC"]
[PlyCount "114"]
[EventDate "2021.12.17"]
[EventType "swiss"]
[EventCountry "POL"]
[SourceTitle "playchess.com"]
[Source "ChessBase"]
[SourceQuality "1"]

1. d4 Nf6 2. c4 e6 3. Nc3 Bb4 4. Qc2 Nc6 5. Nf3 d6 6. Bg5 h6 7. Bxf6 Qxf6 8. e3
O-O 9. a3 Bxc3+ 10. Qxc3 e5 11. dxe5 dxe5 12. Be2 a5 13. O-O Bg4 14. h3 Bh5 15.
Rfd1 Rad8 16. b4 axb4 17. axb4 e4 18. Qxf6 gxf6 19. Nd4 Rxd4 20. Bxh5 Rxc4 21.
b5 Ne5 22. Ra7 b6 23. Be2 Rc2 24. Bf1 Kg7 25. Rd4 f5 26. Rd5 Kf6 27. Ra1 h5 28.
Ra7 h4 29. Ra1 Rg8 30. Rad1 Ra8 31. R5d2 Raa2 32. Rxc2 Rxc2 33. Rb1 Nd3 34.
Bxd3 exd3 35. Rd1 Rc3 36. g3 hxg3 37. fxg3 Rb3 38. Kg2 Rxb5 39. Rxd3 Rc5 40. h4
b5 41. Rd8 b4 42. Rb8 Rc4 43. Kf3 c5 44. Rb6+ Kg7 45. h5 Re4 46. Rb5 Rc4 47.
Rb6 Rg4 48. Rb5 Rc4 49. Rb6 Kh7 50. Rb7 Kh6 51. Rxf7 b3 52. Rf6+ Kxh5 53. Rxf5+
Kg6 54. Rd5 b2 55. Rd6+ Kf7 56. Rd7+ Ke6 57. Rb7 Rb4 0-1

[Event "European Blitz Championship 2021"]
[Site "Katowice"]
[Date "2021.12.17"]
[Round "5.19"]
[White "Kot, Jerzy"]
[Black "Kacprzak, Kacper"]
[Result "0-1"]
[WhiteElo "1783"]
[BlackElo "2245"]
[Annotator "NA"]
[PlyCount "70"]
[EventDate "2021.12.17"]
[EventType "swiss"]
[EventCountry "POL"]
[SourceTitle "playchess.com"]
[Source "ChessBase"]
[SourceQuality "1"]

1. g3 d5 2. Bg2 e5 3. Nf3 Nc6 4. O-O e4 5. Ne1 Nf6 6. d3 exd3 7. cxd3 Be7 8.
Nc3 O-O 9. Bg5 Be6 10. e4 dxe4 11. Bxf6 Bxf6 12. Nxe4 Be7 13. Nc2 Qd7 14. Re1
Rad8 15. Bf1 f5 16. Nc3 Bf6 17. Ne3 Rfe8 18. Nc4 Bf7 19. Qa4 a6 20. Rxe8+ Rxe8
21. Rd1 b5 22. Nxb5 axb5 23. Qxb5 Rb8 24. Qa6 Bd5 25. b3 Nd4 26. Qa3 Nf3+ 27.
Kg2 Ra8 28. Qc5 Bd4 29. Qb4 Bc6 30. Ne3 Nh4+ 31. Kh3 Ng6 32. Rc1 f4+ 33. Ng4
Bf3 34. Qc4+ Kh8 35. Qxc7 Qxg4# 0-1

[Event "European Blitz Championship 2021"]
[Site "Katowice"]
[Date "2021.12.17"]
[Round "5.20"]
[White "Sadzikowski, Daniel"]
[Black "Putlak, Wojciech"]
[Result "1-0"]
[WhiteElo "2525"]
[BlackElo "2153"]
[Annotator "RC"]
[PlyCount "123"]
[EventDate "2021.12.17"]
[EventType "swiss"]
[EventCountry "POL"]
[SourceTitle "playchess.com"]
[Source "ChessBase"]
[SourceQuality "1"]

1. Nf3 Nf6 2. c4 c5 3. Nc3 g6 4. d4 cxd4 5. Nxd4 Bg7 6. e4 d6 7. Be2 O-O 8. O-O
Bd7 9. Be3 Nc6 10. Qd2 Ng4 11. Bxg4 Bxg4 12. Nxc6 bxc6 13. Bh6 Be6 14. Bxg7
Kxg7 15. b3 Qa5 16. f4 f6 17. Rae1 Rad8 18. Kh1 Bg8 19. Qe3 Qb6 20. Qg3 e5 21.
f5 g5 22. Rd1 Bf7 23. Rd3 Rd7 24. Rfd1 Rfd8 25. Qf3 h5 26. R1d2 h4 27. Qd1 Qa5
28. Qf3 Qc5 29. Na4 Qb4 30. Nc3 Qc5 31. Qe3 Qxe3 32. Rxe3 Kf8 33. Red3 Ke7 34.
Kg1 c5 35. g3 hxg3 36. hxg3 a6 37. Rh2 Rg8 38. g4 Rdd8 39. Rdh3 Rg7 40. Kf2
Rdg8 41. Ke3 Rb8 42. Rh6 Rbg8 43. Rh1 Rb8 44. R6h2 Rc8 45. Rd1 Rd8 46. Rhd2 Rh7
47. Ne2 Rh3+ 48. Kf2 Rh4 49. Kg3 Rhh8 50. Nc3 Rd7 51. Re1 Rdd8 52. Red1 Rd7 53.
Na4 Rc8 54. Rh2 Rg8 55. Nc3 Rg7 56. Na4 Rc7 57. Rhd2 Rc6 58. Nc3 Rg8 59. Rh1
Rcc8 60. Rh7 Rh8 61. Nd5+ Kf8 62. Rxh8+ 1-0

[Event "European Blitz Championship 2021"]
[Site "Katowice"]
[Date "2021.12.17"]
[Round "5.20"]
[White "Rog, Bartlomiej"]
[Black "Wisniewski, Michal"]
[Result "1-0"]
[WhiteElo "1719"]
[BlackElo "2215"]
[Annotator "NA"]
[PlyCount "71"]
[EventDate "2021.12.17"]
[EventType "swiss"]
[EventCountry "POL"]
[SourceTitle "playchess.com"]
[Source "ChessBase"]
[SourceQuality "1"]

1. h3 d6 2. d4 c6 3. e4 b6 4. Be3 a6 5. Nc3 e6 6. f4 f6 7. Nf3 g6 8. d5 exd5 9.
exd5 c5 10. h4 h5 11. Bd3 Kf7 12. f5 Bxf5 13. Bxf5 gxf5 14. Qd3 Ne7 15. O-O-O
Nd7 16. Bf4 Bh6 17. Bxh6 Rxh6 18. Qe3 Rg6 19. Qe6+ Kf8 20. Qxd6 Ne5 21. Qe6
Nxf3 22. gxf3 Qc8 23. Qxb6 Rb8 24. Qd6 c4 25. Rhe1 Qb7 26. Qa3 Kf7 27. d6 Nc6
28. Na4 Rg2 29. d7 Rd8 30. Qd6 Nb4 31. Qe7+ Kg6 32. Rg1 Qxf3 33. Qxd8 Qe3+ 34.
Kb1 Rxg1 35. Qg8+ Kh6 36. Qxg1 1-0

[Event "European Blitz Championship 2021"]
[Site "Katowice"]
[Date "2021.12.17"]
[Round "5.21"]
[White "Wisniewski, Adrian"]
[Black "Kulesza, Andrzej"]
[Result "1-0"]
[WhiteElo "2351"]
[BlackElo "1740"]
[Annotator "NA"]
[PlyCount "115"]
[EventDate "2021.12.17"]
[EventType "swiss"]
[EventCountry "POL"]
[SourceTitle "playchess.com"]
[Source "ChessBase"]
[SourceQuality "1"]

1. Nf3 Nf6 2. g3 b6 3. Bg2 Bb7 4. d4 e6 5. O-O Be7 6. c4 d5 7. cxd5 exd5 8. Nc3
O-O 9. Bf4 Nbd7 10. Rc1 c6 11. h3 Re8 12. g4 Rc8 13. a3 a5 14. Re1 Bf8 15. e3
b5 16. Bg3 Nb6 17. Ne5 Nfd7 18. Nxd7 Qxd7 19. a4 b4 20. Ne2 Nc4 21. b3 Nd6 22.
Nf4 Ne4 23. Bxe4 Rxe4 24. Nd3 Ree8 25. Nc5 Bxc5 26. Rxc5 Ra8 27. Qf3 Qe7 28.
Rc2 Qe4 29. Qxe4 Rxe4 30. Rc5 Re6 31. Rec1 Re7 32. Kg2 f6 33. h4 Kf7 34. h5 h6
35. Re1 Ke6 36. e4 Kd7 37. e5 Re6 38. f4 Re7 39. f5 Ke8 40. e6 Kd8 41. Rec1 Ra6
42. Bd6 Re8 43. Kg3 Kc8 44. Rxd5 Ra8 45. Rdc5 Ra6 46. d5 Rd8 47. e7 Re8 48.
dxc6 Ba8 49. R1c4 Rg8 50. Rd4 Re8 51. c7 Bb7 52. Rd1 Ra8 53. Re1 Ra6 54. Bf4
Ra8 55. Rd1 Be4 56. Rd8+ Kb7 57. Rxa8 Rxa8 58. c8=Q+ 1-0

[Event "European Blitz Championship 2021"]
[Site "Katowice"]
[Date "2021.12.17"]
[Round "5.21"]
[White "Sanz Wawer, Daniel"]
[Black "Danielyan, Vahe"]
[Result "1-0"]
[WhiteElo "2102"]
[BlackElo "2332"]
[Annotator "NA"]
[PlyCount "132"]
[EventDate "2021.12.17"]
[EventType "swiss"]
[EventCountry "POL"]
[SourceTitle "playchess.com"]
[Source "ChessBase"]
[SourceQuality "1"]

1. e4 e5 2. Nf3 Nc6 3. Bb5 a6 4. Ba4 Nf6 5. O-O Be7 6. Re1 b5 7. Bb3 O-O 8. c3
d6 9. h3 Bb7 10. d4 Re8 11. Nbd2 exd4 12. cxd4 Nd7 13. Nf1 Na5 14. Bc2 c5 15.
d5 Bf6 16. Ng3 g6 17. Rb1 Nc4 18. b3 Nce5 19. Nxe5 Bxe5 20. f4 Bd4+ 21. Be3
Bxe3+ 22. Rxe3 Qh4 23. Qf3 Re7 24. Rbe1 Rae8 25. Kh2 Nf6 26. Nf1 Bc8 27. Kg1
Nh5 28. f5 Qg5 29. R1e2 Nf4 30. Re1 h5 31. fxg6 fxg6 32. Kh2 h4 33. Nd2 Nh5 34.
Rf1 Qe5+ 35. Kg1 Ng3 36. Rf2 Qg7 37. Qf4 g5 38. Qf3 Bb7 39. Nf1 Bxd5 40. Nxg3
hxg3 41. Qxg3 Bxe4 42. Bxe4 Rxe4 43. Rxe4 Rxe4 44. Qxd6 Re1+ 45. Kh2 Qe5+ 46.
Qxe5 Rxe5 47. Rf6 c4 48. bxc4 bxc4 49. Rc6 Ra5 50. Rxc4 Rxa2 51. Rc5 a5 52.
Rxg5+ Kf7 53. Rb5 a4 54. Ra5 Kg6 55. h4 Ra1 56. Kg3 a3 57. Kg4 a2 58. g3 Kf6
59. h5 Kg7 60. Ra6 Kh7 61. h6 Rh1 62. Rxa2 Kxh6 63. Ra6+ Kg7 64. Kg5 Rb1 65.
Ra7+ Kg8 66. g4 Rb6 1-0

[Event "European Blitz Championship 2021"]
[Site "Katowice"]
[Date "2021.12.17"]
[Round "5.22"]
[White "Vetoshko, Volodymyr"]
[Black "Sliwicki, Damian"]
[Result "1-0"]
[WhiteElo "2525"]
[BlackElo "2151"]
[Annotator "ChessBase"]
[PlyCount "49"]
[EventDate "2021.12.17"]
[EventType "swiss"]
[EventCountry "POL"]
[SourceTitle "playchess.com"]
[Source "ChessBase"]
[SourceQuality "1"]

1. e4 c5 2. Nf3 g6 3. d4 cxd4 4. Nxd4 Nc6 5. c4 Nf6 6. Nc3 Nxd4 7. Qxd4 d6 8.
Bg5 Bg7 9. Qd2 O-O 10. Be2 a5 11. O-O a4 12. Rad1 Qa5 13. Bxf6 Bxf6 14. Nd5 Kg7
15. Nxf6 Kxf6 16. Qh6 Be6 17. Rd3 Bxc4 18. Rf3+ Ke6 19. Bxc4+ Kd7 20. Qh3+ Kd8
21. Bxf7 Qe5 22. Bd5 Kc7 23. Rc1+ Kb6 24. Rxf8 Qxb2 25. Qe3+ 1-0

[Event "European Blitz Championship 2021"]
[Site "Katowice"]
[Date "2021.12.17"]
[Round "5.22"]
[White "Sutbas, Batuhan"]
[Black "Kjartansson, Gudmundur"]
[Result "1-0"]
[WhiteElo "1965"]
[BlackElo "2382"]
[Annotator "NA RC"]
[PlyCount "90"]
[EventDate "2021.12.17"]
[EventType "swiss"]
[EventCountry "POL"]
[SourceTitle "playchess.com"]
[Source "ChessBase"]
[SourceQuality "1"]

1. e4 c6 2. d4 d5 3. exd5 cxd5 4. Bd3 Nc6 5. Nf3 Bg4 6. c3 e6 7. Bf4 Bd6 8. Bg3
Nge7 9. Nbd2 Bf5 10. Bxf5 Nxf5 11. Qb3 Rb8 12. a4 O-O 13. O-O a6 14. Rfe1 Nxg3
15. hxg3 Qc7 16. Rec1 h6 17. c4 Na5 18. Qc2 dxc4 19. Nxc4 Nxc4 20. Qxc4 Qa5 21.
Qd3 Rfd8 22. Rc4 Rd7 23. Rac1 Rbd8 24. Qe4 b5 25. axb5 axb5 26. Rc8 Qb4 27.
R1c2 Be7 28. Qa8 Bf6 29. R2c7 Qd6 30. Rxd8+ Rxd8 31. Qb7 Bxd4 32. Rxf7 Bxb2 33.
Rf4 e5 34. Qf7+ Kh8 35. Rh4 Rf8 36. Qb7 Rb8 37. Qf7 b4 38. Ng5 e4 39. Nxe4 Qf8
40. Qb3 Be5 41. f4 Bd4+ 42. Kh2 Qg8 43. Qd3 Ba1 44. Ng5 b3 45. Qg6 b2 1-0

[Event "European Blitz Championship 2021"]
[Site "Katowice"]
[Date "2021.12.17"]
[Round "5.23"]
[White "Gumularz, Szymon"]
[Black "Rozman, Monika"]
[Result "1-0"]
[WhiteElo "2533"]
[BlackElo "2144"]
[Annotator "ChessBase"]
[PlyCount "61"]
[EventDate "2021.12.17"]
[EventType "swiss"]
[EventCountry "POL"]
[SourceTitle "playchess.com"]
[Source "ChessBase"]
[SourceQuality "1"]

1. e4 e5 2. Nf3 Nc6 3. d4 exd4 4. Nxd4 Bc5 5. Nb3 Bb6 6. Nc3 Nf6 7. Bg5 O-O 8.
Qf3 a5 9. Nd5 Nd4 10. Nxd4 Bxd4 11. O-O-O Be5 12. Qa3 c6 13. f4 Nxd5 14. Bxd8
Bxf4+ 15. Kb1 Ne3 16. Be7 Re8 17. Re1 d5 18. Bd6 Bxd6 19. Qxd6 Nc4 20. Bxc4
dxc4 21. Qc7 Be6 22. Rd1 c3 23. bxc3 h6 24. Rd4 a4 25. Rhd1 Rec8 26. Rd8+ Kh7
27. Rxc8 Rxc8 28. Qb6 Re8 29. Rd8 Re7 30. Qc5 Rc7 31. Qd6 1-0

[Event "European Blitz Championship 2021"]
[Site "Katowice"]
[Date "2021.12.17"]
[Round "5.23"]
[White "Kohut, Anna"]
[Black "Lubczynski, Rafal"]
[Result "0-1"]
[WhiteElo "1954"]
[BlackElo "2361"]
[Annotator "NA"]
[PlyCount "68"]
[EventDate "2021.12.17"]
[EventType "swiss"]
[EventCountry "POL"]
[SourceTitle "playchess.com"]
[Source "ChessBase"]
[SourceQuality "1"]

1. f4 d5 2. Nf3 Bg4 3. e3 e6 4. b3 Be7 5. Bb2 Bf6 6. Bxf6 Qxf6 7. d4 h5 8. Be2
h4 9. Ne5 Bxe2 10. Qxe2 c6 11. Nd2 Qf5 12. Qd3 Ne7 13. Qxf5 Nxf5 14. Kf2 f6 15.
Nd3 Nd7 16. g4 Nd6 17. h3 O-O-O 18. c4 Kb8 19. c5 Nf7 20. b4 e5 21. a4 Rde8 22.
Rhe1 Nf8 23. fxe5 fxe5 24. Kg2 Ng6 25. Rf1 Re7 26. Rae1 Rhe8 27. b5 Ng5 28. Rf5
Ne4 29. Nxe4 dxe4 30. Nf2 exd4 31. exd4 e3 32. Nd3 Re4 33. Rf3 Rxd4 34. Nb2
Rd2+ 0-1

[Event "European Blitz Championship 2021"]
[Site "Katowice"]
[Date "2021.12.17"]
[Round "5.24"]
[White "Koziorowicz, Michal"]
[Black "Dragnev, Valentin"]
[Result "0-1"]
[WhiteElo "2094"]
[BlackElo "2548"]
[Annotator "ChessBase"]
[PlyCount "76"]
[EventDate "2021.12.17"]
[EventType "swiss"]
[EventCountry "POL"]
[SourceTitle "playchess.com"]
[Source "ChessBase"]
[SourceQuality "1"]

1. e4 d5 2. exd5 Qxd5 3. Nf3 Nf6 4. Nc3 Qa5 5. Be2 Bf5 6. O-O e6 7. d3 c6 8.
Re1 Be7 9. Bf4 Nbd7 10. Qd2 h6 11. Bf1 O-O 12. Rad1 Qb6 13. h3 Qxb2 14. Rb1 Qa3
15. Rb3 Qa5 16. Ne5 Nc5 17. Nd5 Qd8 18. Nxe7+ Qxe7 19. Rbb1 Rfd8 20. Bg3 Nce4
21. Qe3 Nd5 22. Qf3 Nd2 23. Qh5 Nxb1 24. Rxb1 Nf6 25. Qe2 Rac8 26. Nc4 Nd5 27.
Be5 f6 28. Ba1 e5 29. g4 Be6 30. Bg2 Nf4 31. Qe4 Bd5 32. Qf5 Bxg2 33. Re1 Bd5
34. g5 hxg5 35. Nxe5 fxe5 36. Rxe5 Qf7 37. Qg4 Be6 38. Qg3 Rd5 0-1

[Event "European Blitz Championship 2021"]
[Site "Katowice"]
[Date "2021.12.17"]
[Round "5.24"]
[White "Kolesnikovs, Ivans"]
[Black "Szwed, Jacek"]
[Result "1-0"]
[WhiteElo "1941"]
[BlackElo "2346"]
[Annotator "NA"]
[PlyCount "121"]
[EventDate "2021.12.17"]
[EventType "swiss"]
[EventCountry "POL"]
[SourceTitle "playchess.com"]
[Source "ChessBase"]
[SourceQuality "1"]

1. d4 c5 2. d5 g6 3. e4 Bg7 4. Nc3 d6 5. Nf3 Nf6 6. Bb5+ Bd7 7. Bd3 Bg4 8. h3
Bxf3 9. Qxf3 Nbd7 10. Qe2 O-O 11. f4 Ne8 12. O-O Nc7 13. Kh1 e6 14. dxe6 Nxe6
15. Be3 Nd4 16. Qf2 Rb8 17. Nd5 Nb6 18. c3 Nxd5 19. exd5 Nf5 20. Bxf5 gxf5 21.
Rae1 b5 22. Re2 Re8 23. Rfe1 Re4 24. Bd2 Qe7 25. Rxe4 fxe4 26. f5 Qe5 27. Re3
Bf6 28. Qg3+ Qxg3 29. Rxg3+ Kh8 30. Bf4 Re8 31. Kg1 Be5 32. Rg4 Bxf4 33. Rxf4
Kg7 34. f6+ Kg6 35. Kf2 Re5 36. Ke2 Kg5 37. g3 Rxd5 38. Rxe4 Kxf6 39. Rh4 h5
40. Rf4+ Rf5 41. Rh4 Ke5 42. Ke3 d5 43. g4 hxg4 44. Rxg4 Rh5 45. h4 Rf5 46. Rg1
d4+ 47. cxd4+ cxd4+ 48. Kd3 Rf3+ 49. Ke2 Rh3 50. Rg5+ Ke4 51. Rxb5 Rxh4 52. Rb7
Rh2+ 53. Ke1 f5 54. Rxa7 Rxb2 55. a4 f4 56. a5 Ra2 57. a6 f3 58. Ra8 d3 59. a7
Ke3 60. Re8+ Kd4 61. a8=Q 1-0

[Event "European Blitz Championship 2021"]
[Site "Katowice"]
[Date "2021.12.17"]
[Round "5.25"]
[White "Papasimakopoulos, Alexandros"]
[Black "Chojnacki, Slawomir"]
[Result "1-0"]
[WhiteElo "2394"]
[BlackElo "2120"]
[Annotator "NA RC"]
[PlyCount "97"]
[EventDate "2021.12.17"]
[EventType "swiss"]
[EventCountry "POL"]
[SourceTitle "playchess.com"]
[Source "ChessBase"]
[SourceQuality "1"]

1. d4 c6 2. c4 d5 3. cxd5 cxd5 4. Bf4 Nc6 5. e3 Qb6 6. Qd2 Bf5 7. Nc3 e6 8. f3
Nf6 9. g4 Bg6 10. h4 h5 11. g5 Ng8 12. Rc1 Bb4 13. Nge2 Nge7 14. a3 Bxc3 15.
Nxc3 O-O 16. Na4 Qd8 17. Nc5 b6 18. Na4 Qd7 19. Bb5 Qb7 20. Qe2 a6 21. Bd3 Bxd3
22. Qxd3 g6 23. Bd6 Rfd8 24. Bxe7 Nxe7 25. Qb3 Rac8 26. Kf2 Rxc1 27. Rxc1 b5
28. Nc5 Qc7 29. f4 Nf5 30. Qd1 Rc8 31. Rc3 Qa7 32. Qh1 a5 33. Rc2 b4 34. a4 b3
35. Rc3 Nd6 36. Rxb3 Rxc5 37. dxc5 Ne4+ 38. Kg2 Qxc5 39. Qd1 Nd6 40. Rb8+ Kh7
41. Qd4 Qc2+ 42. Kf3 e5 43. fxe5 Qf5+ 44. Qf4 Qh3+ 45. Ke2 Nf5 46. e6 Qg2+ 47.
Kd3 Qh1 48. Kc2 Qe1 49. exf7 1-0

[Event "European Blitz Championship 2021"]
[Site "Katowice"]
[Date "2021.12.17"]
[Round "5.25"]
[White "Druckenthaner, Andreas"]
[Black "Spyra, Piotr"]
[Result "1-0"]
[WhiteElo "2346"]
[BlackElo "1920"]
[Annotator "NA"]
[PlyCount "37"]
[EventDate "2021.12.17"]
[EventType "swiss"]
[EventCountry "POL"]
[SourceTitle "playchess.com"]
[Source "ChessBase"]
[SourceQuality "1"]

1. e4 e6 2. Nc3 d5 3. Qe2 Nf6 4. e5 Nfd7 5. f4 c5 6. Nf3 Nc6 7. g3 Be7 8. Bg2
a6 9. O-O b5 10. d3 Bb7 11. f5 Qc7 12. Bf4 b4 13. fxe6 fxe6 14. Nxd5 exd5 15.
e6 Nde5 16. Nxe5 Nxe5 17. Bxe5 Qb6 18. Bxg7 Rg8 19. Qh5+ 1-0

[Event "European Blitz Championship 2021"]
[Site "Katowice"]
[Date "2021.12.17"]
[Round "5.26"]
[White "Nasuta, Grzegorz"]
[Black "Karolczuk, Iwo"]
[Result "1/2-1/2"]
[WhiteElo "2377"]
[BlackElo "2093"]
[Annotator "NA"]
[PlyCount "98"]
[EventDate "2021.12.17"]
[EventType "swiss"]
[EventCountry "POL"]
[SourceTitle "playchess.com"]
[Source "ChessBase"]
[SourceQuality "1"]

1. e4 c5 2. Nf3 Nc6 3. Bb5 e6 4. O-O Nge7 5. Re1 a6 6. Bf1 Nd4 7. d3 Nxf3+ 8.
Qxf3 Nc6 9. Qg3 h5 10. Bg5 f6 11. Be3 Qe7 12. c3 h4 13. Qf3 e5 14. Na3 d6 15.
Nc4 Qc7 16. a4 Be6 17. b3 O-O-O 18. d4 cxd4 19. cxd4 exd4 20. Bd2 Kb8 21. Rec1
Qf7 22. b4 d5 23. Nb6 dxe4 24. Qxe4 f5 25. Qd3 Ne5 26. Bf4 Bd6 27. Qe2 d3 28.
Qe3 Ng4 29. Bxd6+ Rxd6 30. Qf4 Rhd8 31. h3 Nf6 32. a5 Ka7 33. b5 d2 34. Rd1 Bb3
35. bxa6 Bxd1 36. Rxd1 Qb3 37. Be2 Ne4 38. Qxf5 Nc3 39. Bf3 Nxd1 40. Qe4 Rxb6
41. axb6+ Qxb6 42. axb7 Nc3 43. b8=Q+ Kxb8 44. Qf4+ Ka7 45. Qf7+ Ka6 46. Qc4+
Ka5 47. Qc7 Ka6 48. Qxc3 Qa5 49. Qa3 Kb6 1/2-1/2

[Event "European Blitz Championship 2021"]
[Site "Katowice"]
[Date "2021.12.17"]
[Round "5.26"]
[White "Balacek, Tadeas"]
[Black "Paczka, Patryk"]
[Result "0-1"]
[WhiteElo "2312"]
[BlackElo "1909"]
[Annotator "NA"]
[PlyCount "134"]
[EventDate "2021.12.17"]
[EventType "swiss"]
[EventCountry "POL"]
[SourceTitle "playchess.com"]
[Source "ChessBase"]
[SourceQuality "1"]

1. g3 Nf6 2. Bg2 g6 3. d4 Bg7 4. c4 O-O 5. Nc3 d6 6. e3 c6 7. Nge2 Nbd7 8. O-O
e5 9. Qc2 a6 10. Rd1 Qc7 11. b3 Rb8 12. dxe5 dxe5 13. Ba3 c5 14. e4 b5 15. Nd5
Nxd5 16. cxd5 b4 17. Bb2 Nb6 18. Rac1 Nd7 19. Bh3 Bh6 20. Bxd7 Bxc1 21. Rxc1
Bxd7 22. f4 f6 23. Rf1 Bb5 24. Rf2 Qd6 25. Kg2 Rbc8 26. Ng1 c4 27. bxc4 Rxc4
28. Qb1 Rfc8 29. fxe5 fxe5 30. Nf3 Re8 31. h4 Bd7 32. Qd3 Bb5 33. Qe3 Qc7 34.
h5 Rc2 35. h6 Rxf2+ 36. Qxf2 Qc4 37. Qe3 Qe2+ 38. Qxe2 Bxe2 39. Nxe5 a5 40. Kf2
Bb5 41. Ke3 Rc8 42. d6 Rd8 43. Bd4 Rxd6 44. Bc5 Rd1 45. Ng4 Re1+ 46. Kf4 Rf1+
47. Ke5 Kf7 48. Bd4 Rf3 49. Kd5 Rxg3 50. Ne5+ Ke7 51. Kc5 Ba4 52. Nc4 Rg4 53.
Kd5 Bd7 54. Nb6 Be6+ 55. Ke5 Bxa2 56. Bc5+ Ke8 57. Na8 b3 58. Nc7+ Kd7 59. Nd5
b2 60. Nc3 b1=Q 61. Nxb1 Bxb1 62. Kd4 Rxe4+ 63. Kc3 Rh4 64. Be3 Ke6 65. Kb2 Be4
66. Kc3 Bc6 67. Kd2 Kf5 0-1

[Event "European Blitz Championship 2021"]
[Site "Katowice"]
[Date "2021.12.17"]
[Round "5.27"]
[White "Wieczorek, Oskar"]
[Black "Savicevs, Arsenijs"]
[Result "1-0"]
[WhiteElo "2258"]
[BlackElo "1897"]
[Annotator "NA"]
[PlyCount "43"]
[EventDate "2021.12.17"]
[EventType "swiss"]
[EventCountry "POL"]
[SourceTitle "playchess.com"]
[Source "ChessBase"]
[SourceQuality "1"]

1. e4 c5 2. Nf3 e6 3. g3 d5 4. exd5 exd5 5. d4 Nc6 6. Bg2 Nf6 7. O-O h6 8. Nc3
c4 9. Re1+ Be6 10. Ne5 Be7 11. Ng6 fxg6 12. Rxe6 O-O 13. Re1 Bb4 14. Bf4 Bxc3
15. bxc3 Kh7 16. Be5 Qd7 17. f4 Rae8 18. Qd2 Qf5 19. Rab1 Rf7 20. Rb5 Qd7 21.
Bxf6 Rxe1+ 22. Qxe1 1-0

[Event "European Blitz Championship 2021"]
[Site "Katowice"]
[Date "2021.12.17"]
[Round "5.27"]
[White "Batashevs, Arsens"]
[Black "Spalir, Jernej"]
[Result "1/2-1/2"]
[WhiteElo "2091"]
[BlackElo "2368"]
[Annotator "NA"]
[PlyCount "123"]
[EventDate "2021.12.17"]
[EventType "swiss"]
[EventCountry "POL"]
[SourceTitle "playchess.com"]
[Source "ChessBase"]
[SourceQuality "1"]

1. Nf3 d5 2. b3 Nf6 3. Bb2 Bf5 4. e3 e6 5. c4 h6 6. Nc3 c6 7. Be2 Nbd7 8. O-O
Bd6 9. cxd5 exd5 10. Nd4 Bh7 11. f4 O-O 12. Kh1 c5 13. Nf3 a6 14. Rc1 Qe7 15.
Re1 Rad8 16. a3 Rfe8 17. g3 Qe6 18. Kg2 Bf5 19. d4 Bh3+ 20. Kh1 Ng4 21. Qd2
Qxe3 22. Qxe3 Rxe3 23. Ne5 Bxe5 24. fxe5 cxd4 25. Nxd5 Rxb3 26. Bxd4 Ngxe5 27.
Nf4 Bf5 28. Bd1 Rb5 29. a4 Ra5 30. Rc7 Nd3 31. Nxd3 Bxd3 32. Re7 Nf8 33. Bc3
Rf5 34. Bg4 Rf1+ 35. Kg2 Ng6 36. Red7 Rxd7 37. Rxd7 Bc4 38. Rc7 Bd3 39. Rxb7
Rc1 40. Rb8+ Kh7 41. Bd4 Rc2+ 42. Kg1 Be4 43. Rb2 Rxb2 44. Bxb2 Bd3 45. Kf2 f5
46. Bf3 Ne7 47. Ke3 Bf1 48. Kf2 Bc4 49. Ke3 Bd5 50. Be2 Bb7 51. Kd4 g5 52. Ke5
Kg6 53. h4 gxh4 54. gxh4 h5 55. Bd3 Kf7 56. Ba3 Ng6+ 57. Kxf5 Nxh4+ 58. Kg5
Nf3+ 59. Kxh5 Ne5 60. Be2 Ke6 61. Kg5 Kd5 62. Kf6 1/2-1/2

[Event "European Blitz Championship 2021"]
[Site "Katowice"]
[Date "2021.12.17"]
[Round "5.28"]
[White "Gdanski, Jacek"]
[Black "Szczurek, Krzysztof"]
[Result "1-0"]
[WhiteElo "2367"]
[BlackElo "2088"]
[Annotator "NA"]
[PlyCount "51"]
[EventDate "2021.12.17"]
[EventType "swiss"]
[EventCountry "POL"]
[SourceTitle "playchess.com"]
[Source "ChessBase"]
[SourceQuality "1"]

1. e4 c5 2. Nc3 a6 3. g3 d6 4. Bg2 g6 5. Nge2 Bg7 6. d4 cxd4 7. Nxd4 Nf6 8. O-O
O-O 9. h3 Qc7 10. Be3 Nc6 11. Kh2 Ne5 12. a4 b6 13. Qe2 Bb7 14. Rad1 Rac8 15.
f4 Nc4 16. Bc1 Rfe8 17. Nd5 Nxd5 18. exd5 Na5 19. f5 Bxd4 20. fxg6 hxg6 21.
Rxd4 Qxc2 22. Qf3 Qf5 23. Rf4 Qe5 24. Rxf7 Nc4 25. Qg4 Qh5 26. Qe6 1-0